Slownik marketingu i reklamy angielsko-polski
Na minha lista:
| Autor principal: | |
|---|---|
| Formato: | Livro |
| Idioma: | polonês inglês |
| Publicado em: |
Zielona Góra
KANION
1999
|
| Colecção: | Seria specialistyczna wydawnictwa Kanion
|
| Assuntos: | |
| Tags: |
Sem tags, seja o primeiro a adicionar uma tag!
|
MARC
| LEADER | 00000nam a2200000 4500 | ||
|---|---|---|---|
| 001 | c117200 | ||
| 005 | 20240104114614.6 | ||
| 020 | |a 83-87808-04-0 | ||
| 041 | 0 | |a pol | |
| 041 | 0 | |a eng | |
| 044 | |a PL | ||
| 245 | 1 | 0 | |a Slownik marketingu i reklamy |b angielsko-polski |c Piotr Ratajczak |
| 264 | 1 | |a Zielona Góra |b KANION |c 1999 | |
| 300 | |a 541 s. | ||
| 490 | 1 | |a Seria specialistyczna wydawnictwa Kanion | |
| 830 | 0 | |a Seria specialistyczna wydawnictwa Kanion | |
| 610 | 2 | 0 | |a jazykoveda |
| 610 | 2 | 0 | |a terminológia |
| 610 | 2 | 0 | |a marketing |
| 610 | 2 | 0 | |a reklama |
| 610 | 2 | 0 | |a obchod |
| 100 | 1 | |a Ratajczak, Piotr | |